01740nam a2200433 i 450000100060000000300080000600500170001400600190003100700150005000800410006502000280010602000180013403500220015204000310017405000220020508000210022708000210024808200120026910000480028124501530032926400580048230000750054033600290061533700330064433800430067749000140072050400490073458800830078359001620086665000250102865000320105365000400108565000410112565500270116679700180119383000150121185600630122699900170128921951FINmELB20241216213952.0m o u cr cn|||||||||210407s2018 sp a ob 001 0 spa d a9788481028652q(e-book) z9788481028645 a(OCoLC)1246315076 aFINmELBbspaerdacFINmELB14aCN530b.A466 2018 a614.25(376)(091) a003.344.071(376)04a6102231 aAlonso Alonso, M. Ángeles,d1981-eautor.14aLos médicos en las inscripciones latinas de Italia (siglos II a.C.- III d.C.) :baspectos sociales y profesionales /cMa. Ángeles Alonso Alonso. 1aSantander :bEdiciones Universidad Cantabria,c[2018] a1 recurso en línea (325 páginas) :bilustraciones (blanco y negro) atextobtxt2rdamedia/spa acomputadorabc2rdamedia/spa arecurso en líneabcr2rdacarrier/spa1 aHeri ;v6 aBibliografía: páginas 307-325. Índice. aDescripción basada en metadatos suministrados por el editor y otras fuentes. aRecurso electrónico. Santa Fe, Arg.: elibro, 2021. Disponible vía World Wide Web. El acceso puede estar limitado para las bibliotecas afiliadas a elibro. 0aPhysiciansxHistory. 0aInscriptions, LatinzItaly. 4aMédicoszRoma (Ciudad)xHistoria. 4aInscripciones latinaszRoma (Ciudad) 4aLibros electrónicos.2 aelibro, Corp. 0aHeri ;v6.40uhttps://elibro.net/ereader/politecnicointernacional/159430 c21951d21951